[Event "GER-ch53 V04 email"]
[Site "GER email"]
[Date "2021.04.21"]
[Round "?"]
[White "Bolz, Barbara"]
[Black "Poess, Frank"]
[Result "1/2-1/2"]
[WhiteElo "2043"]
[BlackElo "2192"]
[PlyCount "49"]
[EventDate "2021.04.21"]
[EventType "tourn (corr)"]
[EventRounds "10"]
[EventCountry "GER"]
[SourceTitle "Corr 2024"]
[Source "ChessBase"]
[SourceDate "2023.10.19"]
[SourceVersion "1"]
[SourceVersionDate "2023.10.19"]
[SourceQuality "1"]

1. d4 d5 2. c4 dxc4 3. e3 Nf6 4. Bxc4 e6 5. Nf3 c5 6. 0-0 a6 7. dxc5 Bxc5 8. Qxd8+ Kxd8 9. Be2 Ke7 10. b3 Nbd7 11. Nbd2 Rd8 12. Nd4 Ne5 13. Bb2 Bd7 14. Rfd1 Rac8 15. Rac1 Bb4 16. N2f3 Nc6 17. Nxc6+ Rxc6 18. g4 Rxc1 19. Rxc1 Kf8 20. Ne5 Be8 21. Bd4 Nd5 22. Nd3 Ba3 23. Bc5+ Bxc5 24. Nxc5 Rb8 25. Bf3 1/2-1/2

[Event "DSOL 01 Liga Gr-D 1st"]
[Site "Playchess.com INT"]
[Date "2020.08.11"]
[Round "2.4"]
[White "Poess, Frank"]
[Black "Leidner, Matthias"]
[Result "0-1"]
[WhiteElo "1962"]
[BlackElo "1595"]
[PlyCount "104"]
[EventDate "2020.06.22"]
[EventType "team-tourn (rapid)"]
[EventCountry "GER"]
[SourceTitle "EXT 2021"]
[Source "ChessBase"]
[SourceDate "2020.10.23"]
[SourceVersion "1"]
[SourceVersionDate "2020.10.23"]
[SourceQuality "1"]
[WhiteTeam "Dinslaken"]
[BlackTeam "Landau"]
[WhiteTeamCountry "GER"]
[BlackTeamCountry "GER"]

1. Nf3 c6 2. d4 d5 3. c4 Nf6 4. Nc3 dxc4 5. a4 Bf5 6. Ne5 Nbd7 7. Nxc4 Qc7 8. g3 e6 9. Bf4 Qd8 10. Nd6+ Bxd6 11. Bxd6 Nb6 12. Be5 0-0 13. Qb3 Nfd7 14. Bd6 Re8 15. Bg2 e5 16. dxe5 Nxe5 17. Bxe5 Rxe5 18. 0-0 Be6 19. Qc2 Qe7 20. Rfd1 Qb4 21. Qd2 Bb3 22. Qd4 Qxd4 23. Rxd4 a5 24. f4 Re7 25. Ra3 Bc4 26. Kf2 f5 27. Bf3 Rd7 28. Rxd7 Nxd7 29. Nd1 Rd8 30. Ne3 Be6 31. Rd3 Kf7 32. g4 g6 33. gxf5 gxf5 34. Bh5+ Ke7 35. Rc3 Nf6 36. Bf3 Rd4 37. Rc5 Rxf4 38. Rxa5 Ne4+ 39. Kg2 Kf6 40. Ra7 Nc5 41. Ra5 Nxa4 42. Kg3 Rb4 43. Nc2 Rxb2 44. Nd4 Nc3 45. Ra8 Bf7 46. Rf8 Ne4+ 47. Kf4 Nd6 48. Rd8 Ke7 49. Rh8 Rb4 50. Ke3 f4+ 51. Kd3 Bg6+ 52. Kc3 Rc4+ 0-1

[Event "GER-ch51 V03 email"]
[Site "GER email"]
[Date "2019.04.14"]
[Round "?"]
[White "Frotscher, Thomas"]
[Black "Poess, Frank"]
[Result "1-0"]
[WhiteElo "2363"]
[BlackElo "2483"]
[PlyCount "85"]
[EventDate "2019.??.??"]
[EventType "tourn (corr)"]
[EventRounds "10"]
[EventCountry "GER"]
[SourceTitle "Corr 2022"]
[Source "ChessBase"]
[SourceDate "2021.10.24"]
[SourceVersion "1"]
[SourceVersionDate "2021.10.24"]
[SourceQuality "1"]

1. d4 Nf6 2. c4 e6 3. Nf3 Bb4+ 4. Nbd2 0-0 5. a3 Be7 6. e4 d6 7. Be2 Nbd7 8. Qc2 e5 9. Nb1 exd4 10. Nxd4 Nc5 11. Nc3 Re8 12. f3 c6 13. Be3 Bf8 14. Rd1 Qc7 15. 0-0 a5 16. g4 a4 17. Rf2 g6 18. Rg2 Bg7 19. Kh1 Qe7 20. Bf4 Rd8 21. Qd2 Ne8 22. Nf5 gxf5 23. gxf5 f6 24. Rdg1 Rd7 25. h4 Qf7 26. h5 Qxh5+ 27. Rh2 Qf7 28. Bh6 Qf8 29. Bd1 Re7 30. Ne2 b6 31. Nf4 Ba6 32. Rh4 Bxc4 33. Qh2 Nd7 34. Bxg7 Qxg7 35. Rhg4 Qxg4 36. Rxg4+ Rg7 37. Rxg7+ Kxg7 38. Ne6+ Bxe6 39. fxe6 Nc5 40. f4 Nxe6 41. Qg1+ Kf8 42. Qxb6 Nxf4 43. Qxc6 1-0

[Event "GER-ch51 V03 email"]
[Site "GER email"]
[Date "2019.04.14"]
[Round "?"]
[White "Maetzig, Ralf"]
[Black "Poess, Frank"]
[Result "1-0"]
[WhiteElo "2311"]
[BlackElo "2483"]
[PlyCount "117"]
[EventDate "2019.??.??"]
[EventType "tourn (corr)"]
[EventRounds "10"]
[EventCountry "GER"]
[SourceTitle "Corr 2022"]
[Source "ChessBase"]
[SourceDate "2021.10.24"]
[SourceVersion "1"]
[SourceVersionDate "2021.10.24"]
[SourceQuality "1"]

1. d4 Nf6 2. c4 e6 3. Nf3 Bb4+ 4. Bd2 a5 5. Nc3 b6 6. e3 Bb7 7. Bd3 d6 8. Qc2 Nbd7 9. e4 e5 10. a3 Bxc3 11. Bxc3 Nh5 12. g3 0-0 13. 0-0-0 f5 14. Rhe1 Nhf6 15. dxe5 Nxe4 16. Nd4 dxe5 17. Ne6 Qe7 18. Nxf8 Rxf8 19. b4 Nxc3 20. Qxc3 axb4 21. axb4 h6 22. Bc2 e4 23. h3 c5 24. Qd2 Rf7 25. b5 Qf6 26. Kb1 Kh7 27. Qd6 Ne5 28. Qxf6 Rxf6 29. Rd8 Nxc4 30. Kc1 h5 31. Bb3 Nd6 32. Rb8 Kg6 33. h4 f4 34. Bc2 Kf7 35. gxf4 c4 36. Rd1 Ke6 37. Rxd6+ Kxd6 38. Rxb7 Kc5 39. Bxe4 Rxf4 40. f3 Rxh4 41. Kd2 g5 42. Kc3 Rh1 43. Re7 Rc1+ 44. Bc2 Kxb5 45. Re5+ Kc6 46. Rxg5 h4 47. Kd2 Rh1 48. Rh5 Kd6 49. Be4 h3 50. f4 Rf1 51. Ke3 b5 52. Rxh3 Re1+ 53. Kd4 Rd1+ 54. Kc3 Rc1+ 55. Kb4 Re1 56. Rh6+ Ke7 57. Bc2 Re2 58. Bh7 Rb2+ 59. Kc3 1-0

[Event "GER-ch51 V03 email"]
[Site "GER email"]
[Date "2019.04.14"]
[Round "?"]
[White "Poess, Frank"]
[Black "Amann, Hubert"]
[Result "1/2-1/2"]
[WhiteElo "2483"]
[BlackElo "2412"]
[PlyCount "37"]
[EventDate "2019.??.??"]
[EventType "tourn (corr)"]
[EventRounds "10"]
[EventCountry "GER"]
[SourceTitle "Corr 2022"]
[Source "ChessBase"]
[SourceDate "2021.10.24"]
[SourceVersion "1"]
[SourceVersionDate "2021.10.24"]
[SourceQuality "1"]

1. e4 e5 2. Nf3 Nc6 3. Bb5 a6 4. Ba4 Nf6 5. 0-0 Be7 6. Re1 b5 7. Bb3 0-0 8. h3 Bb7 9. d3 d5 10. exd5 Nxd5 11. a4 Nd4 12. Nxd4 exd4 13. axb5 axb5 14. Rxa8 Bxa8 15. Na3 Bb4 16. Bd2 Bxd2 17. Qxd2 Qf6 18. Bxd5 Bxd5 19. Nxb5 1/2-1/2

[Event "GER-ch51 V03 email"]
[Site "GER email"]
[Date "2019.04.14"]
[Round "?"]
[White "Schmitz, Andre"]
[Black "Poess, Frank"]
[Result "1-0"]
[WhiteElo "2385"]
[BlackElo "2483"]
[PlyCount "149"]
[EventDate "2019.??.??"]
[EventType "tourn (corr)"]
[EventRounds "10"]
[EventCountry "GER"]
[SourceTitle "Corr 2022"]
[Source "ChessBase"]
[SourceDate "2021.10.24"]
[SourceVersion "1"]
[SourceVersionDate "2021.10.24"]
[SourceQuality "1"]

1. e4 e5 2. Nf3 Nc6 3. Bb5 a6 4. Ba4 Nf6 5. 0-0 Be7 6. Re1 b5 7. Bb3 d6 8. c3 0-0 9. h3 Nb8 10. d4 Nbd7 11. Nbd2 Bb7 12. Bc2 Re8 13. Nf1 Bf8 14. Ng3 g6 15. a4 c5 16. d5 c4 17. Be3 Nc5 18. Nh2 Qc7 19. Qf3 Bg7 20. Bg5 Ncd7 21. Ra2 h6 22. Bd2 Rec8 23. Ngf1 Qd8 24. Ng4 Kh7 25. Rea1 Qe7 26. Nxf6+ Qxf6 27. Qd1 Qd8 28. Nh2 Nc5 29. Be3 Qc7 30. Nf3 Rf8 31. h4 Nd7 32. h5 Nf6 33. hxg6+ fxg6 34. Ra3 Rab8 35. axb5 axb5 36. Ba7 Ra8 37. Qb1 Nh5 38. Bd1 Nf4 39. b3 cxb3 40. Qxb3 Qd7 41. Nd2 Qe7 42. Bf3 Bc8 43. Be3 Rxa3 44. Rxa3 Bd7 45. Ra7 Rf7 46. c4 bxc4 47. Nxc4 Qf6 48. Qb8 Nh3+ 49. Kf1 Bf8 50. Rxd7 Rxd7 51. Qc8 Qf7 52. Nb6 Rb7 53. Qxh3 Qc7 54. Qc8 Qxc8 55. Nxc8 h5 56. g4 Rb1+ 57. Kg2 Rb4 58. gxh5 gxh5 59. Kh3 Kg6 60. Kh4 Rc4 61. Bxh5+ Kf6 62. Bg4 Rxe4 63. Kh5 Kf7 64. Be6+ Ke8 65. Bf5 Rc4 66. Kg6 Rc7 67. Kf6 Bg7+ 68. Kg5 Bf8 69. Kf6 Bg7+ 70. Kg6 Bf8 71. Bh6 Rc5 72. Bxf8 Kxf8 73. Be6 Rc2 74. Nxd6 Rxf2 75. Ne4 1-0

[Event "GER-ch33 V5 email"]
[Site "GER email"]
[Date "2002.??.??"]
[Round "?"]
[White "Fuhrwerk, Klaus"]
[Black "Poess, Frank"]
[Result "0-1"]
[WhiteElo "2255"]
[BlackElo "2193"]
[PlyCount "140"]
[EventDate "2002.12.28"]
[EventType "tourn (corr)"]
[EventRounds "14"]
[EventCountry "GER"]
[SourceTitle "Corr 2008"]
[Source "ChessBase"]
[SourceDate "2008.06.24"]
[SourceVersion "1"]
[SourceVersionDate "2008.06.24"]
[SourceQuality "1"]

1. e4 e6 2. d4 d5 3. Nc3 Bb4 4. e5 c5 5. a3 Bxc3+ 6. bxc3 Ne7 7. Qg4 Qc7 8. Qxg7 Rg8 9. Qxh7 cxd4 10. Ne2 Nbc6 11. f4 Bd7 12. Qd3 dxc3 13. Rb1 0-0-0 14. h4 d4 15. h5 Kb8 16. g3 Bc8 17. h6 b6 18. h7 Rh8 19. g4 Bb7 20. Rh2 Rd7 21. Bg2 Qc8 22. Be4 Nd5 23. Qg3 Ba6 24. g5 Qc7 25. Qf3 Nde7 26. a4 Na5 27. Ba3 Nc4 28. Bxe7 Nd2 29. Qg2 Rxe7 30. Rd1 Qc5 31. Rh3 Rd7 32. Rg3 d3 33. Bxd3 Bxd3 34. Nxc3 Rxh7 35. Rxd2 Qxc3 36. Rgxd3 Rxd3 37. cxd3 Qd4 38. Qf3 Rh4 39. Qf2 Rh1+ 40. Ke2 Qxa4 41. Kf3 Qa1 42. Kg2 Qc1 43. Rb2 Rh8 44. Kg3 Qh1 45. Qg2 Qh4+ 46. Kf3 Qe1 47. Qf2 Qc3 48. Qd2 Qd4 49. Kg4 Rd8 50. Kf3 Kb7 51. Qe2 Rd5 52. Rb1 Qc3 53. Rd1 a5 54. Qd2 Qc6 55. Ke3 a4 56. Qb4 b5 57. d4 Rd8 58. Qe7+ Rd7 59. Qb4 Rc7 60. d5 exd5 61. f5 a3 62. Rb1 d4+ 63. Qxd4 Kc8 64. e6 a2 65. Ra1 Qg2 66. Qh8+ Kb7 67. Qe5 Qh3+ 68. Kd2 Qb3 69. Qe4+ Kb8 70. Qe5 f6 0-1

[Event "GER-ch33 V5 email"]
[Site "GER email"]
[Date "2002.??.??"]
[Round "?"]
[White "Poess, Frank"]
[Black "Schreiber, Kurt"]
[Result "1/2-1/2"]
[WhiteElo "2193"]
[BlackElo "2261"]
[PlyCount "35"]
[EventDate "2002.12.28"]
[EventType "tourn (corr)"]
[EventRounds "14"]
[EventCountry "GER"]
[SourceTitle "Corr 2008"]
[Source "ChessBase"]
[SourceDate "2008.06.24"]
[SourceVersion "1"]
[SourceVersionDate "2008.06.24"]
[SourceQuality "1"]

1. e4 c5 2. Nf3 d6 3. d4 cxd4 4. Nxd4 Nf6 5. Nc3 a6 6. Be3 e6 7. f3 b5 8. g4 h6 9. Qd2 Nbd7 10. 0-0-0 Bb7 11. h4 b4 12. Na4 d5 13. Bh3 g5 14. hxg5 hxg5 15. e5 Nxe5 16. Bxg5 Rg8 17. Qf4 Qc7 18. Qxf6 1/2-1/2

[Event "Niederrhein-ch"]
[Site "Niederrhein"]
[Date "1999.04.03"]
[Round "9"]
[White "Strater, Heinz"]
[Black "Poess, Frank"]
[Result "0-1"]
[WhiteElo "1876"]
[BlackElo "2020"]
[PlyCount "48"]
[EventDate "1999.03.??"]
[EventType "swiss"]
[EventRounds "9"]
[EventCountry "GER"]
[SourceTitle "EXT 2002"]
[Source "ChessBase"]
[SourceDate "2001.11.25"]
[SourceVersion "1"]
[SourceVersionDate "2001.11.25"]
[SourceQuality "1"]

1. e4 d5 2. exd5 Nf6 3. d4 Nxd5 4. c4 Nb6 5. Nf3 g6 6. Bd3 Bg7 7. 0-0 0-0 8. Nc3 Bg4 9. Be3 Nc6 10. c5 Nd5 11. Be4 Nf6 12. Bxc6 bxc6 13. h3 Bxf3 14. Qxf3 Nd5 15. Rad1 Rb8 16. Rd2 Qd7 17. Re1 Rb4 18. Qd1 Rfb8 19. Na4 f5 20. Rd3 Nxe3 21. fxe3 Rd8 22. a3 Rbb8 23. b3 e5 24. dxe5 Qxd3 0-1